000 01114nam a22002057a 4500
003 NALT
005 20250902150513.0
008 190417b th ||||| ||||o00| 0 tha d
040 _aNALT
086 _aกง 07 1.1 2560
110 2 _aกองทุนการออมแห่งชาติ.
_938704
245 1 0 _aรายงานประจำปี 2560 กอช กองทุนการออมแห่งชาติ =
_bAnnual report 2017 National Savings Fund /
_cกองทุนการออมแห่งชาติ.
260 _aกรุงเทพฯ :
_bกองทุนการออมแห่งชาติ,
_cม.ป.ป.
300 _a69 หน้า :
_bภาพประกอบ, ตาราง, แผนภูมิ ;
_c29 ซม.
650 4 _aกองทุนการออมแห่งชาติ
_xรายงานประจำปี
_y2560
_966544
850 _aNALT
856 4 0 _uhttps://www.nsf.or.th/sites/default/files/ebooks/ANN60/book.html
942 _cGOV
_2local
999 _c95867
_d95867
998 _j1020
_k นางจำเรียง ระวังสำโรง